| 000 | 00741cam a22002531 4500 | ||
|---|---|---|---|
| 001 | 30676 | ||
| 003 | BD-RjUL | ||
| 005 | 20211209051611.0 | ||
| 008 | 720111s1949 nyua b 001 0 eng | ||
| 035 | _a(BD-RjUL)30763 | ||
| 035 | _a(OCoLC)194103 | ||
| 040 |
_aDLC _cODaWU _dOCoLC _dKPT _dDLC _beng |
||
| 041 | _aeng | ||
| 082 |
_a151.2 _bCRE 1949 |
||
| 100 | 1 |
_aCronbach, Lee J. _q(Lee Joseph), _d1916-2001. _918469 |
|
| 245 | 1 | 0 |
_aEssentials of psychological testing / _cLee J. Cronbach |
| 260 |
_aNew York : _bHarper, _c1949. |
||
| 300 |
_axiii, 475 p. ; _bill. ; _c25 cm. |
||
| 504 | _aIncludes bibliographies and index. | ||
| 650 | 0 |
_aPsychological tests. _993188 |
|
| 942 |
_2ddc _cBK |
||
| 999 |
_c30676 _d30676 |
||